La administración pública / (Record no. 151864)

MARC details
000 -LEADER
campo de control de longitud fija 00622nam a2200169 i 4500
001 - NÚMERO DE CONTROL
campo de control 151864
003 - IDENTIFICADOR DE NÚMERO DE CONTROL
campo de control ES-MaACL
005 - FECHA Y HORA DE LA ÚLTIMA TRANSACCIÓN
campo de control 20230910063054.0
008 - DATOS DE LONGITUD FIJA--INFORMACIÓN GENERAL
campo de control de longitud fija 990315s1886 sp |||| | spa d
100 1# - ENTRADA PRINCIPAL--NOMBRE DE PERSONA
Nombre de persona Benito y Endara, Lorenzo,
Fechas asociadas al nombre 1855-1932
9 (RLIN) 27698
245 13 - MENCIÓN DEL TÍTULO
Título La administración pública /
Mención de responsabilidad, etc. por Lorenzo Benito y de Endara.
260 ## - PUBLICACIÓN, DISTRIBUCIÓN, ETC.
Lugar de publicación, distribución, etc. Madrid :
Nombre del editor, distribuidor, etc. [s.n.],
Fecha de publicación, distribución, etc. 1886 (
Fabricante Imp. de la Revista de Legislación, a cargo de M. Ramos)
300 ## - DESCRIPCIÓN FÍSICA
Extensión 23 p. ;
Dimensiones 21 cm.
650 #4 - PUNTO DE ACCESO ADICIONAL DE MATERIA--TÉRMINO DE MATERIA
Término de materia o nombre geográfico como elemento de entrada Administración pública.
9 (RLIN) 9646
852 ## - LOCALIZACIÓN
Ubicación ES-MaACL
Número de control de estantería T-472-F-7
Nota libre - Enc. hol.
-- - Enc. en un vol. facticio
Holdings
Estatus retirado Estado de pérdida Estado de daño No para préstamo Colección Biblioteca de origen Biblioteca actual Ubicación en estantería Fecha de adquisición Total de préstamos Signatura topográfica completa Código de barras Visto por última vez Precio de reemplazo Tipo de ítem Koha
        Colección de folletos Biblioteca del Ateneo de Madrid Biblioteca del Ateneo de Madrid Depósito folletos 17/01/2008   T-472-F-7 1158508 23/02/2023 23/02/2023 Folleto